书目信息 |
| 题名: |
英语国家社会与文化
|
|
| 作者: | 段洁云 主编 | |
| 分册: | ||
| 出版信息: | 昆明 云南大学出版社 2007.08 |
|
| 页数: | 248页 | |
| 开本: | 24cm | |
| 丛书名: | ||
| 单 册: | ||
| 中图分类: | H319.4:K | |
| 科图分类: | ||
| 主题词: | 英语--ying yu--语言读物 | |
| 电子资源: | ||
| ISBN: | 978-7-81112-389-0 | |
| 000 | 00999nam0 2200241 450 | |
| 001 | 012007141652 | |
| 005 | 20071204153636.71 | |
| 010 | @a978-7-81112-389-0@dCNY30.00 | |
| 100 | @a20071204d2007 km y0chi0120 ea | |
| 101 | 0 | @achi@aeng |
| 102 | @aCN@b530000 | |
| 105 | @aa z 000yy | |
| 106 | @ar | |
| 200 | 1 | @a英语国家社会与文化@Aying yu guo jia she hui yu wen hua@d= Social and cultural mosaics of English-speaking countries@f段洁云主编@Fduan jie yun zhu bian@zeng |
| 210 | @a昆明@c云南大学出版社@d2007.08 | |
| 215 | @a248页@c图@d24cm | |
| 330 | @a本书是一本为英语专业学生和非英语专业爱好者所编写的关于英语国家社会与文化的基础读本。内容既包括了英国、美国、澳大利亚等主要英语国家的地理气候也包括了对这些英语国家的文学、教育等的简介。 | |
| 510 | 1 | @aSocial and cultural mosaics of English-speaking countries@zeng |
| 606 | 0 | @a英语@Aying yu@j语言读物 |
| 690 | @aH319.4:K@v4 | |
| 701 | 0 | @a段洁云@Aduan jie yun@4主编 |
| 801 | 0 | @aCN@bQSSK@c20071204 |
| 905 | @b270703-05@dH319.4:K@eD924@f3 | |
| 英语国家社会与文化= Social and cultural mosaics of English-speaking countries/段洁云主编.-昆明:云南大学出版社,2007.08 |
| 248页:图;24cm |
| ISBN 978-7-81112-389-0:CNY30.00 |
| 本书是一本为英语专业学生和非英语专业爱好者所编写的关于英语国家社会与文化的基础读本。内容既包括了英国、美国、澳大利亚等主要英语国家的地理气候也包括了对这些英语国家的文学、教育等的简介。 |
| ● |
| 相关链接 |
|
|
|
正题名:英语国家社会与文化
索取号:H319.4:K/D924
 
预约/预借
| 序号 | 登录号 | 条形码 | 馆藏地/架位号 | 状态 | 备注 |
| 1 | 270703 | 202707035 | 语言库209/209语言库 56排6列5层/ [索取号:H319.4:K/D924] | 在馆 | |
| 2 | 270704 | 202707044 | 语言库209/209语言库 56排6列5层/ [索取号:H319.4:K/D924] | 在馆 | |
| 3 | 270705 | 202707053 | 语言库209/209语言库 56排6列5层/ [索取号:H319.4:K/D924] | 在馆 |